Kluby piłkarskie z jednego miasta #2 - Statystyki

Ogólne statystyki
  • Ten quiz został rozwiązany 102 razy
  • Średni wynik to 13 z 30
Statystyki odpowiedzi
Klub: Miasto: % Poprawnych
Lechia Gdańsk
95%
Górnik Sosnowiec
94%
Górnik Wałbrzych
94%
Górnik Zabrze
94%
Jagiellonia Białystok
94%
Zagłębie Sosnowiec
91%
Zagłębie Wałbrzych
91%
Polonia Bytom
88%
Motor Lublin
84%
Zawisza Bydgoszcz
80%
Podbeskidzie Bielsko-Biała
79%
Unia Tarnów
59%
Szombierki Bytom
36%
Rekord Bielsko-Biała
27%
BKS Stal Bielsko-Biała
25%
Gedania Gdańsk
21%
Tarnovia Tarnów
20%
Lublinianka Lublin
18%
Czarni Sosnowiec
17%
Czarni Wałbrzych
17%
Gwarek Zabrze
16%
BKS Bydgoszcz
11%
Chemik Bydgoszcz
11%
Hetman Białystok
8%
Jaguar Gdańsk
5%
Metal Tarnów
4%
Walka Zabrze
4%
Rozbark Bytom
3%
MOSP Białystok
2%
Sygnał Lublin
2%
Nie znaleziono quizów pasujących do podanych kryteriów
Rozkład punktacji
Procent ludzi z każdym wynikiem
Percentyl według liczby udzielonych odpowiedzi
Twoja historia wyników
Nie rozwiązałeś tego quizu